Luyện nói tiếng Anh như người bản ngữ = Learn to speak english like a native

Nội dung sách viết về phương pháp để nói tiếng Anh như người bản xứ - Effortless English, đây là phương pháp tự học tiếng Anh hay nhất trên thế giới, dành cho những ai học tiếng Anh như một ngôn ngữ thứ 2. Nội dung bao gồm 23 chương với nh...

Cijeli opis

Spremljeno u:
Bibliografski detalji
Glavni autor: Hoge, A. J.
Format: Knjiga
Jezik:Undetermined
Izdano: Hà Nội Nxb. Đại học Quốc gia Hà Nội 2015
Teme:
Oznake: Dodaj oznaku
Bez oznaka, Budi prvi tko označuje ovaj zapis!
Thư viện lưu trữ: Trung tâm Học liệu Trường Đại học Cần Thơ
LEADER 01308nam a2200229Ia 4500
001 CTU_220891
008 210402s9999 xx 000 0 und d
020 |c 150000 
082 |a 428.3 
082 |b H34 
100 |a Hoge, A. J. 
245 0 |a Luyện nói tiếng Anh như người bản ngữ = 
245 0 |b Learn to speak english like a native 
245 0 |c A. J. Hoge ; biên dịch: Nhóm The Windy 
260 |a Hà Nội 
260 |b Nxb. Đại học Quốc gia Hà Nội 
260 |c 2015 
520 |a Nội dung sách viết về phương pháp để nói tiếng Anh như người bản xứ - Effortless English, đây là phương pháp tự học tiếng Anh hay nhất trên thế giới, dành cho những ai học tiếng Anh như một ngôn ngữ thứ 2. Nội dung bao gồm 23 chương với những nguyên tắc học tiếng Anh mới lạ giúp người đọc nói tiếng Anh trôi chảy cũng như nhớ từ vựng và ngữ pháp một cách lâu dài. 
650 |a English language,Tiếng Anh 
650 |x Spoken English,Nói tiếng Anh 
904 |i Phan Thanh Thảo, Tuyến 
980 |a Trung tâm Học liệu Trường Đại học Cần Thơ